Rembrandt: bible drawings

Uloženo v:
Podrobná bibliografie
Hlavní autor: Rembrandt, Harmenszoon van Rijn (Autor)
Médium: Kniha
Jazyk:angličtina
Vydáno: Nueva York Dover 1979
Edice:Collections of Graphic Art in Dover Books
Témata:
Tagy: Přidat tag
Žádné tagy, Buďte první, kdo vytvoří štítek k tomuto záznamu!

MARC

LEADER 00000nam a2200000 a 4500
001 UCT3658
003 CL-VaPUC
008 961024e19790000US |||||||||||||||||eng|d
082 0 4 |a 741.092  |b REM  |2 21 
100 |a Rembrandt, Harmenszoon van Rijn  |e author  |9 331539 
245 1 0 |a Rembrandt: bible drawings 
300 |a 59 p 
942 |c BK 
945 |d 19961024 00:00:00  |a rleighto 
260 |a Nueva York  |b Dover  |c 1979 
650 0 |a Dibujos  |9 264123 
650 0 |a Artistas   |9 262026 
650 7 |a PINTORES HOLANDESES  |2 CL-VaPUC  |9 372591 
650 0 |a Obras de arte  |9 337253 
583 |a last modification  |c 19961024 00:00:00  |k Rodrigo Vera 
490 0 |a Collections of Graphic Art in Dover Books 
999 |c 253220  |d 253218 
952 |0 0  |1 0  |4 0  |6 741_092000000000000_REM_1979  |7 0  |8 A  |9 273878  |a BIBARQ  |b BIBARQ  |d 2019-11-19  |i 3244288  |o 741.092 REM 1979  |p 3244288  |r 2025-01-20  |w 2019-11-19  |y BK  |k ARQ